000 01482nam a22002297a 4500
001 6667
003 FISKH
005 20250519155422.0
008 250519b cb ||||| |||| 00| 0 eng d
040 _aFISKH
_bkhr
_cFISKH
_dFISKH
082 _a510
100 _aSam Un, Chey
245 _aកំណែលំហាត់ គណិតវិទ្យា :
_bកំរិតមូលដ្ឋាន ថ្នាក់ទី១២​ /
_cរៀបរៀងដោយ ជ័យ សំអុន និង ជៃ សំអាត​
260 _aភ្នំពេញ :
_bសាកលវិទ្យាល័យ ឯកទេស នៃកម្ពុជា ,
_c២០១០ .
300 _a239 pages :
_billustrations ;
_c15 cm .
520 _aសៀវភៅកំណែសម្រាប់ថ្នាក់ទី១២ ជាវណ្ណកម្មថ្មីមួយទៀតដែលសង្កត់ធ្ងន់ទៅលើលំហាត់បែបគន្លឺះជាមូលដ្ឋានសម្រាប់ចាប់យកចំណេះដឺងគ្រឺះនៅកម្រិតសិក្សាខ្ពស់ជាងនេះ ។
520 _aThe textbook is a new version for Grade 12 that emphasizes exercises based on fundamental principles, serving as a solid foundation for acquiring knowledge at a higher level of education.
650 _aគណិតវិទ្យា
650 _aMathematics
942 _2ddc
_cKHB
_n0
999 _c6667
_d6667